000 00386nam a2200133Ia 4500
008 200619s9999 xx 000 0 und d
082 _a923.2KOP
100 _aKoppa Jagadeesh
245 0 _aGandhi Emba Dhyana : A Collection of Articles
264 _aBangalore
_bKannada Sahitya Parishad
_c2009
300 _a82
942 _cIR
999 _c120008
_d120008